Nhà nước và pháp luật = State and law review Số 9

Tạp chí số 9 gồm các chủ đề về nhà nước và pháp luật dưới ánh sáng Đại hội đại biểu toàn quốc lần thứ XIII của Đảng. Luật hiến pháp. Luật hình sự, luật tố tụng hình sự. Luật sở hữu trí tuệ, luật kinh tế. Luật quốc tế, luậ...

詳細記述

保存先:
書誌詳細
フォーマット: 図書
言語:Vietnamese
出版事項: H. Viện Hàn lâm Khoa học xã hội Việt Nam. Viện Nhà nước và pháp luật 2021
主題:
タグ: タグ追加
タグなし, このレコードへの初めてのタグを付けませんか!
Thư viện lưu trữ: Thư viện Trường Đại học Nam Cần Thơ
LEADER 01300nam a22002057a 4500
001 NCT_96960
008 220307b xxu||||| |||| 00| 0 vie d
999 |c 4825  |d 4825 
022 |a 0866-7446 
082 0 4 |2 23rd ed.  |a 321  |b Nh100N 
245 0 0 |a Nhà nước và pháp luật =   |b State and law review  |n Số 9  |c Viện Hàn lâm Khoa học xã hội Việt Nam. Viện Nhà nước và pháp luật 
260 |a H.  |b Viện Hàn lâm Khoa học xã hội Việt Nam. Viện Nhà nước và pháp luật  |c 2021 
300 |c 27cm 
310 |a Tháng 1 kỳ 
520 3 |a Tạp chí số 9 gồm các chủ đề về nhà nước và pháp luật dưới ánh sáng Đại hội đại biểu toàn quốc lần thứ XIII của Đảng. Luật hiến pháp. Luật hình sự, luật tố tụng hình sự. Luật sở hữu trí tuệ, luật kinh tế. Luật quốc tế, luật thương mại quốc tế. 
653 |a Luật học 
655 |a Tạp chí 
942 |2 ddc  |c CR 
952 |0 0  |1 0  |2 ddc  |4 0  |6 321_000000000000000_NH100N  |7 0  |9 22229  |a 000001  |b 000001  |d 2022-03-07  |o 321 Nh100N  |r 2022-03-07  |w 2022-03-07  |y CR 
980 |a Thư viện Trường Đại học Nam Cần Thơ